000 01396nam a22002297a 4500
008 240705e20240505xxk|||||o|||| 00| 0 eng d
041 _aeng
110 _aRoyal Institution of Chartered Surveyors
245 _aRICS Practice Alert - Expert Witnesses
_h[Email update]
260 _aLondon,
_bRoyal Institution of Chartered Surveyors,
_cMay 2024
300 _aemail
490 _aRICS Practice Alert
520 _aThis Alert acts as a reminder to RICS Members of their legal, professional, and regulatory obligations when providing expert witness services. The accompany concordance highlights the connection between the RICS Expert Witness Practice Alert and the RICS Professional Guidance upon which it is based: RICS Practice Statement and Guidance Note Surveyors Acting as Expert Witnesses, 4th edition, amended February 2023.
650 _aDISPUTE RESOLUTION
650 _aEXPERT WITNESSES
651 _aUnited Kingdom
690 _aDispute resolution
_96236
710 _aRoyal Institution of Chartered Surveyors
856 _uhttps://www.rics.org/content/dam/ricsglobal/documents/regulation/Practice-Alert_Expert-Witnesses_February-2024.pdf
_zView the online Practice Update
856 _uhttps://www.rics.org/content/dam/ricsglobal/documents/regulation/Professional-Statement-and-Practice-Alert-Concordance_V2.pdf
_zConcordance for Expert Witness Practice alert
942 _n0
999 _c121966
_d121966